000 00483nam a2200169Ia 4500
008 240729s9999 xx 000 0 und d
022 _a2589-6121
245 0 _aGlioma
260 _aIndia
260 _bWolters Kluwer Medknow Publications
650 _a Internal medicine
650 _a Neoplasms. Tumors. Oncology. Including cancer and carcinogens
650 _aMedicine
856 _uhttps://doaj.org/toc/dde1b03712df4173991d84d32b5a3f65
942 _2ddc
942 _cDOAJEJ
999 _c69744
_d69744
945 _a1
_bMadushi Gamage
_c1
_dMadushi Gamage